Lewis and clark: (Record no. 2056)

MARC details
000 -LEADER
fixed length control field 00747nam a22002537a 4500
005 - DATE AND TIME OF LATEST TRANSACTION
control field 20240430121312.0
020 ## - INTERNATIONAL STANDARD BOOK NUMBER
International Standard Book Number 9780439095532
040 ## - CATALOGING SOURCE
Original cataloging agency FISKH
Language of cataloging eng
Transcribing agency FISKH
Modifying agency FISKH
050 ## - LIBRARY OF CONGRESS CALL NUMBER
Classification number F592.S85
082 ## - DEWEY DECIMAL CLASSIFICATION NUMBER
Classification number 978.02
100 ## - MAIN ENTRY--PERSONAL NAME
Personal name Sullivan, George
245 ## - TITLE STATEMENT
Title Lewis and clark:
Remainder of title in their own words /
Statement of responsibility, etc. George Sullivan
260 ## - PUBLICATION, DISTRIBUTION, ETC.
Place of publication, distribution, etc. New York :
Name of publisher, distributor, etc. Scholastic,
Date of publication, distribution, etc. 2000
300 ## - PHYSICAL DESCRIPTION
Extent 128 pages :
Dimensions 20 cm
505 ## - FORMATTED CONTENTS NOTE
Formatted contents note T
520 ## - SUMMARY, ETC.
Summary, etc. Recounts the story of the Lewis and Clark Expedition to explore the uncharted western wilderness, placing it in its historical context.
521 ## - TARGET AUDIENCE NOTE
Target audience note 790
Source Lexile
521 ## - TARGET AUDIENCE NOTE
Target audience note S
Source Raz-plus
650 ## - SUBJECT ADDED ENTRY--TOPICAL TERM
Source of heading or term native american
650 ## - SUBJECT ADDED ENTRY--TOPICAL TERM
Source of heading or term american history
650 ## - SUBJECT ADDED ENTRY--TOPICAL TERM
Source of heading or term indian
942 ## - ADDED ENTRY ELEMENTS (KOHA)
Source of classification or shelving scheme Library of Congress Classification
Koha item type Books
Suppress in OPAC No
999 ## -
-- 2056
-- 2056
Holdings
Withdrawn status Lost status Source of classification or shelving scheme Damaged status Not for loan Collection Home library Current library Shelving location Date acquired Total Checkouts Full call number Barcode Date last seen Copy number Price effective from Koha item type
    Dewey Decimal Classification     Non-Fiction Footprints International School Library Network Toul Kork Campus Footprints International School Library Network Toul Kork Campus A TK Campus, 4th Floor, Room B401, Non-Fiction Bookcases(7-8) 11/02/2023   SUL 978.02 F592.S85 FISTK00356 11/02/2023 1 11/02/2023 Books
    Dewey Decimal Classification     Non-Fiction Footprints International School Library Network Toul Kork Campus Footprints International School Library Network Toul Kork Campus TTP Secondary Non-Fiction Bookshelves 01/16/2024   SUL 978.02 F592.S85 FISSE02020 01/16/2024 2 11/02/2023 Books